Library of the University of Algiers 3
Ibrahim Sultan Cheibout
شعار جامعة الجزائر 3
مكتبة جامعة الجزائر 3
إبراهيم سلطان شيبوط

تحليل المنتج وتسعيره وإنشاء قنوات توزيعه / (رقم التسجيلة. 43164)

تفاصيل مارك
000 -LEADER
fixed length control field 00819nam a2200253Ia 4500
003 - CONTROL NUMBER IDENTIFIER
control field Ost
005 - DATE AND TIME OF LATEST TRANSACTION
control field 20260507075127.0
008 - FIXED-LENGTH DATA ELEMENTS--GENERAL INFORMATION
fixed length control field 260507s9999||||xx |||||||||||||| ||und||
020 ## - INTERNATIONAL STANDARD BOOK NUMBER
International Standard Book Number 977345276x
040 ## - CATALOGING SOURCE
Transcribing agency fsecg
041 ## - LANGUAGE CODE
Language code of text/sound track or separate title ara
082 ## - DEWEY DECIMAL CLASSIFICATION NUMBER
Classification number 330
100 ## - MAIN ENTRY--PERSONAL NAME
Personal name راندال، جيفري
Relator term مؤلف
245 #0 - TITLE STATEMENT
Title تحليل المنتج وتسعيره وإنشاء قنوات توزيعه /
Statement of responsibility, etc. جيفري راندال
260 ## - PUBLICATION, DISTRIBUTION, ETC.
Place of publication, distribution, etc. القاهرة:
Name of publisher, distributor, etc. دار الفاروق,
Date of publication, distribution, etc. 2003
300 ## - PHYSICAL DESCRIPTION
Extent 29 صفحة؛
Other physical details إيضاحات ؛
Dimensions 24 سم
490 ## - SERIES STATEMENT
Series statement اكويك،نوتس
520 ## - SUMMARY, ETC.
Summary, etc. تحليل المنتج- تحديد السعر- قنوات التوزيع
653 ## - INDEX TERM--UNCONTROLLED
Uncontrolled term السعر
653 ## - INDEX TERM--UNCONTROLLED
Uncontrolled term السلع
653 ## - INDEX TERM--UNCONTROLLED
Uncontrolled term المنافسة
653 ## - INDEX TERM--UNCONTROLLED
Uncontrolled term قنوات التوزيع
942 ## - ADDED ENTRY ELEMENTS (KOHA)
Koha item type كتب
المقتنيات
Withdrawn status Lost status Source of classification or shelving scheme Damaged status Not for loan Home library Current library Date acquired Serial enumeration / chronology Inventory number Total checkouts Full call number Barcode Date last seen Price effective from Koha item type
    Dewey Decimal Classification   Available مكتبة كلية العلوم الإقتصادية والعلوم التجارية وعلوم التسيير مكتبة كلية العلوم الإقتصادية والعلوم التجارية وعلوم التسيير 07/05/2026 الطابق الثاني 2092/9   أ/2092ن8 2092/9 07/05/2026 07/05/2026 كتب

موارد الويب المفتوحة


© University of Algiers 3 All Rights Reserved
|
Implemented by LECHELAH Riad